| 000 | 01390 a2200241 4500 | ||
|---|---|---|---|
| 003 | Nust | ||
| 005 | 20220804133649.0 | ||
| 010 | _a 95024632 | ||
| 020 | _a0471013412 (alk. paper) | ||
| 040 | _cNust | ||
| 082 | 0 | 0 | _a621.366,FRE |
| 245 | 0 | 0 |
_aFrequency control of semiconductor lasers / _cedited by Motoichi Ohtsu. |
| 260 |
_aNew York : _bWiley, _cc1996. |
||
| 300 |
_axiii, 240 p. : _bill. ; _c25 cm. |
||
| 440 | 0 |
_aWiley series in microwave and optical engineering _955177 |
|
| 505 | _aNarrow-Linewidth and Tunable Semiconductor Laser Devices (Page-1), Near-Infrared Molecular Spectroscopy and Possible Frequency References for Frequency Control of Semiconductor Lasers (Page-43), High Accuracy Spectroscopy with Semiconductor Lasers (Page-73), Optical Frequency Comb Generators and their Applications (Page-95), Absolute Measurement of Optical Frequencies (Page-137), Requirements and Practical Possibilities for Frequency Standards for Optical Fiber Communication Bands (Page-173). | ||
| 650 | 0 | _aTelecommunication Engineering. | |
| 700 | 1 |
_aOhtsu, Motoichi. _976882 |
|
| 856 | 4 | 2 |
_3Contributor biographical information _uhttp://www.loc.gov/catdir/bios/wiley044/95024632.html |
| 856 | 4 | 2 |
_3Publisher description _uhttp://www.loc.gov/catdir/description/wiley037/95024632.html |
| 856 | 4 | 2 |
_3Table of Contents _uhttp://www.loc.gov/catdir/toc/onix02/95024632.html |
| 942 |
_cREF _2ddc |
||
| 999 |
_c175613 _d175613 |
||